เปลี่ยนเป็นภาษาไทย

Change to English
 แสดงรายละเอียดบรรณานุกรม
  กลับหน้าหลัก

Brief Record : Get Marc (ISO 2709) : E-mail record : QR code กลับ
E-books : เกี่ยวกับ Collections
LEADER 00000nam 2200000uu 4500
001    13399128793
003     BCNR
008    260506s2568||||th 000 0 tha d
020    ^a9786166297461
041    ^atha
060  4 ^aWY152^bป545ก 2568
100 0  ^aปาณิสรา ส่งวัฒนายุทธ
245 00 ^aการพยาบาลผู้ใหญ่และผู้สูงอายุที่มีปัญหาทางตาแบบองค์รวม =^bHolistic nursing care for adults and older adults with eye problems /^cปาณิสรา ส่งวัฒนายุทธ
246 31 ^aHolistic nursing care for adults and older adults with eye problems
250    ^aพิมพ์ครั้งที่ 1
260    ^aเพชรบุรี :^bมุมหนึ่งปริ้นติ้ง,^c2568
300    ^a231 หน้า :^bภาพประกอบสี, ตาราง ;^c26 ซม.
505 0  ^aบทที่ 1 แนวคิดและหลักการพยาบาลแบบองค์รวมผู้ใหญ่และผู้สูงอายุที่มีปัญหาทางตา --บทที่ 2 การพยาบาลผู้ใหญ่และผู้สูงอายุที่เป็นต้อหินแบบองค์รวม -- บทที่ 3 การพยาบาลสำหรับผู้ใหญ่และผู้สูงอายุที่มีการบาดเจ็บทางตาแบบองค์รวม -- บทที่ 4 การพยาบาลผู้ใหญ่และผู้สูงอายุที่มีจอตาลอกแบบองค์รวม -- บทที่ 5 การพยาบาลผู้ใหญ่และผู้สูงอายุที่เป็นโรคจอตาเสื่อมแบบองค์รวม -- บทที่ 6 การพยาบาลผู้ใหญ่และผู้สูงอายุที่มีเบาหวานขึ้นจอตาแบบองค์รวม -- บทที่ 7 กรณีศึกษาและการพยาบาลผู้ใหญ่และผู้สูงอายุที่มีปัญหาการมองเห็นแบบองค์รวม
650  4 ^aการพยาบาลผู้สูงอายุ
650  4 ^aตา,โรค^xการพยาบาล
650  4 ^aผู้สูงอายุ^xการดูแลและสุขวิทยา
650  4 ^aผู้สูงอายุ^xโรค
650  4 ^aตา^xโรค^xผู้ป่วย^xการดูแล
999    ^aบรรณารักษ์
รายการนี้ยังไม่มีแท็ก
คุณยังไม่ได้ล็อกอิน คุณสามารถมีกิจกรรมร่วมกับเว็บไซต์ได้ แต่ต้องล็อกอินก่อน ::
  ล็อกอิน
ลำดับที่ ประเภท เลขเรียก/บาร์โค้ด สถานที่ สถานะ
1. หนังสือ
หนังสือ
WY152 ป545ก 2568 c.1 
  Barcode: 087850
ห้องสมุดสาขาหลัก
►หนังสือทั่วไป
On Shelf
2. หนังสือ
หนังสือ
WY152 ป545ก 2568 c.2 
  Barcode: 087851
ห้องสมุดสาขาหลัก
►หนังสือทั่วไป
On Shelf
3. หนังสือ
หนังสือ
WY152 ป545ก 2568 c.3 
  Barcode: 087852
ห้องสมุดสาขาหลัก
►หนังสือทั่วไป
On Shelf
4. หนังสือ
หนังสือ
WY152 ป545ก 2568 c.4 
  Barcode: 087853
ห้องสมุดสาขาหลัก
►หนังสือทั่วไป
On Shelf
5. หนังสือ
หนังสือ
WY152 ป545ก 2568 c.5 
  Barcode: 087854
ห้องสมุดสาขาหลัก
►หนังสือทั่วไป
On Shelf
6. หนังสือ
หนังสือ
WY152 ป545ก 2568 c.6 
  Barcode: 087855
ห้องสมุดสาขาหลัก
►หนังสือทั่วไป
On Shelf
7. หนังสือ
หนังสือ
WY152 ป545ก 2568 c.7 
  Barcode: 087856
ห้องสมุดสาขาหลัก
►หนังสือทั่วไป
On Shelf
8. หนังสือ
หนังสือ
WY152 ป545ก 2568 c.8 
  Barcode: 087857
ห้องสมุดสาขาหลัก
►หนังสือทั่วไป
On Shelf
9. หนังสือ
หนังสือ
WY152 ป545ก 2568 c.9 
  Barcode: 087858
ห้องสมุดสาขาหลัก
►หนังสือทั่วไป
On Shelf
10. หนังสือ
หนังสือ
WY152 ป545ก 2568 c.10 
  Barcode: 087859
ห้องสมุดสาขาหลัก
►หนังสือทั่วไป
On Shelf
   [แสดง 10/10 รายการ]

รายการใกล้เคียง
    หัวเรื่อง [การพยาบาลผู้สูงอายุ]
    หัวเรื่อง [ผู้สูงอายุ โรค]

BibComment


ยังไม่เคยถูกคอมเมนท์

คอมเมนท์ทรัพยากรรายการนี้
  คอมเมนท์: การพยาบาลผู้ใหญ่..
Bib 13399128793

 
 
 

 Union Library Management : ULibM
Copyright 2026. All Rights Reserved.